000 nam a22 7a 4500
999 _c48830
_d48830
003 OSt
005 20190905130619.0
008 190905b xxu||||| |||| 00| 0 eng d
040 _cIIMT UNIVERSITY
100 _aSHARMA
245 _aPHARMACEUTICS -I
260 _aNEW DELHI
_bTARA PUB
_c2019
300 _a200
942 _2ddc
_c01